| 000 | 00657nam a2200205Ia 4500 | ||
|---|---|---|---|
| 001 | 1166 | ||
| 003 | GE_BSU | ||
| 008 | 181216s||||||||xx |||||||||||||| ||und|| | ||
| 040 | _cGE_BSU | ||
| 080 | _a631.3(075.8) | ||
| 100 | _aშხვაცბაია,ზ; ბეჟანიშვილი,გ; | ||
| 245 | _aსოფლის მეურნეობის მანქანები | ||
| 260 | _aთბილისი | ||
| 260 | _bგანათლება | ||
| 260 | _c1982 | ||
| 300 | _a472 გვ. 21 სმ. | ||
| 541 | _h15 ლ. | ||
| 653 | _aსოფლის მეურნეობის ვანქანები | ||
| 942 | _cBK | ||
| 999 |
_c35315 _d35315 |
||